000 00302nam a22001337a 4500
008 170926b xxu||||| |||| 00| 0 eng d
020 _a9780072411409
041 _aeng
080 _a37
100 _a46
101 _aEDU
245 _aBASIC A RHEOTRIC AND HANDBOOK
_cNICOLAO.A.H
942 _2udc
_cBK
999 _c29943
_d29943